[Event "Herbert W. Gustafson Memorial Open, S47079"]
[Site "CCLA"]
[Date "2014.10.27"]
[Round "?"]
[White "Shannon, Paul D."]
[Black "Anderson, Clarence"]
[Result "0-1"]
[WhiteElo "1832"]
[BlackElo "1798"]

1. Nf3 g6 2. e4 Bg7 3. d4 d6 4. c4 Nf6 5. Nc3 O-O 6. Be2 Na6 7. O-O e5 8. 
d5 Nc5 9. Nd2 a5 10. f3 Nh5 11. Nb3 b6 12. Be3 f5 13. Nxc5 bxc5 14. Qd2 f4
15. Bf2 g5 16. a3 Nf6 17. b4 axb4 18. axb4 Rxa1 19. Rxa1 cxb4 20. Nb5 Bd7 
21. Qxb4 g4 22. Qa5 g3 23. hxg3 fxg3 24. Bxg3 Nh5 25. Bh2 Qg5 26. Qe1 Nf4 
27. Bxf4 exf4 28. Rd1 Rf6 29. Bf1 Bxb5 30. cxb5 Rf8 31. Qa5 Qd8 32. Qa7 
Bc3 33. Qa3 Qf6 34. Kf2 Bb2 35. Qb4 Ra8 36. Qc4 Ba3 37. Ke2 Bc5 38. Kd3 
Qb2 39. Rd2 Ra3+ 40. Ke2 Re3+ 0-1

[Event " NA Class A Server Championship, S40109"]
[Site "CCLA"]
[Date "2014.04.30"]
[Round "?"]
[White "Cacas, Alexander"]
[Black "Shannon, Paul D."]
[Result "0-1"]
[WhiteElo "1886"]
[BlackElo "1832"]

1. d4 Nf6 2. c4 g6 3. Nc3 Bg7 4. e4 d6 5. Nf3 O-O 6. Be2 e5 7. O-O Nbd7 8.
 Re1 c6 9. Bf1 Re8 10. d5 c5 11. a3 Nf8 12. b4 b6 13. Rb1 h6 14. bxc5 bxc5
15. h3 N6d7 16. Be3 f5 17. exf5 gxf5 18. Nb5 Nf6 19. Qc1 Kh7 20. Qc2 Ng6 
21. Nd2 Rg8 22. Nb3 Bf8 23. Kh1 a6 24. Nc3 Ra7 25. Rb2 Nh5 26. Ne2 Rag7 
27. f3 Qh4 28. Reb1 f4 29. Bg1 Kh8 30. Nd2 Ne7 31. Bh2 Nf5 32. Rb3 Nfg3+ 
33. Nxg3 fxg3 34. Rb8 Bxh3 35. gxh3 gxh2 0-1

[Event "NA Master/Expert Server Championship, S40099"]
[Site "CCLA"]
[Date "2014.04.30"]
[Round "?"]
[White "McLaughlin, James"]
[Black "Quirk, Michael"]
[Result "1/2-1/2"]
[WhiteElo "2046"]
[BlackElo "2175"]

1. d4 Nf6 2. c4 g6 3. Nc3 Bg7 4. e4 d6 5. Nf3 O-O 6. Be2 e5 7. O-O Nc6 8. 
d5 Ne7 9. b4 Nh5 10. Re1 a5 11. bxa5 Rxa5 12. g3 f5 13. Ng5 Nf6 14. Bf3 h6
15. Ne6 Bxe6 16. dxe6 fxe4 17. Nxe4 Qc8 18. Nxf6+ Rxf6 19. Qb3 b6 20. Bd2 
Ra6 21. a4 Qxe6 22. Bb7 Ra7 23. Be4 Rf8 24. a5 bxa5 25. Be3 c5 26. Qb6 Rd7
27. Qa6 Qf6 28. Qxa5 Nf5 29. Qd2 Nxe3 30. Rxe3 Kh8 31. Rea3 Qe6 32. Qd3 
1/2-1/2

[Event "Herbert W. Gustafson Memorial Open, S47069"]
[Site "CCLA"]
[Date "2014.10.27"]
[Round "?"]
[White "Price, Brennan"]
[Black "Cacas, Alexander"]
[Result "1-0"]
[WhiteElo "1852"]
[BlackElo "1886"]

1. d4 Nf6 2. c4 g6 3. Nf3 Bg7 4. Nc3 d6 5. e4 O-O 6. Be2 e5 7. O-O Nc6 8. 
d5 Ne7 9. b4 Nh5 10. Re1 f5 11. Ng5 Nf6 12. f3 h6 13. Ne6 Bxe6 14. dxe6 
Qc8 15. Nd5 Qd8 16. exf5 gxf5 17. Rb1 c6 18. Ne3 Qc7 19. Qc2 f4 20. Nf5 
Nxf5 21. Qxf5 Rae8 22. Bd3 Qe7 23. Bc2 Qxe6 24. Qxe6+ Rxe6 25. Bxf4 Nh5 
26. Be3 a6 27. b5 axb5 28. cxb5 Ref6 29. a4 Nf4 30. a5 Ra8 31. a6 bxa6 32.
 bxc6 d5 33. c7 Rc8 34. Rb8 Rff8 35. Rb7 Rf7 36. Bb6 Ne6 37. Rb8 Rff8 38. 
Rxc8 Rxc8 39. Bf5 Kf7 40. Rc1 Kf6 41. g4 h5 42. Rc6 1-0